000 01514nam2a2200265 4500
001 RU\NLR\bibl\1415709
005 20250615212752.0
035 _a(NLR Aleph) 001407675
090 _a1262394
_c1262394
100 _a20090923d2009 |||y0rusy50 ca
101 0 _arus
102 _aRU
105 _aa |||||||||
200 0 _a... в январе-августе 2009 года
_e(экономический доклад в таблицах)
_fФедер. служба гос. статистики, Терит. орган по г. Санкт-Петербургу и Ленингр. обл. (Петростат)
205 _a[Офиц. изд.]
210 _aСанкт-Петербург
_cПетростат
_d2009
215 _a210 с.
_cил.
309 _aНа обл.: VIII
316 _aЭкз. N°027
_5NLR
461 0 _1001RU\NLR\bibl\9260
_12001#$aСоциально-экономическое положение Санкт-Петербурга и Ленинградской области ...$v... в январе-августе 2009 года
_929324
_cСПб.
_d1998
_f[Госкомстат России, С.-Петерб. ком. гос. статистики]
_nПетербургкомстат
_tСоциально-экономическое положение Санкт-Петербурга и Ленинградской области ...
_v... в январе-августе 2009 года
801 0 _aRU
_bNLR
_c20090923
_gRCR
801 1 _aRU
_bNLR
_c20090923
942 _cBOOK
980 _aNB